000 00301nam a2200109Ia 4500
008 190216s9999||||xx |||||||||||||| ||und||
100 _a"Saxena Vp, Srivastava Bp&Amp; Goel Rp"
245 0 _aEngineering Colleges Entrance Examinations
260 _bYoung Man & Co
_c1982
300 _a738p
942 _cREF
999 _c35529
_d35529